Classic WWE Tag Teams/Factions - Statistics

General Stats
  • This quiz has been taken 371 times
  • The average score is 7 of 15
Answer Stats
Hint Answer % Correct
suck it DX
90%
tables Dudley Boyz
75%
5 second pose Edge and Christian
60%
shoulder spikes Legion of Doom
60%
poor revival in WWE from WCW nWo
54%
modern team. Follow the Buzzards Wyatt Family
52%
flips and stuff Hardy Boyz
50%
Shawns start The Rockers
50%
dead dudes Brothers of Destruction
46%
modern team. Believe That Shield
42%
its a mystery Evolution
40%
Brother! Mega Powers
23%
modern team. you were against them Nexus
16%
WOOO 4 Horsemen
8%
Natties Dad and Uncle The Hart Family
5%
No matching quizzes found
Score Distribution
Percent of People with Each Score
Percentile by Number Answered
Your Score History
You have not taken this quiz